[Event "IX Weekend A"]
[Site "Palermo ITA"]
[Date "2004.10.30"]
[Round "3"]
[White "Greco, Salvatore"]
[Black "Insabato, Giovanbattista"]
[Result "1/2-1/2"]
[WhiteElo "1877"]
[BlackElo "2116"]
[PlyCount "27"]
[EventDate "2004.10.29"]

1. d4 e6 2. e4 d5 3. Nc3 Nf6 4. Bg5 Be7 5. Bxf6 Bxf6 6. Nf3 O-O 7. Bd3 c5 8. e5
Be7 9. dxc5 Nc6 10. Qd2 f6 11. exf6 Bxf6 12. b4 Bxc3 13. Qxc3 d4 14. Qd2
1/2-1/2

[Event "IX Weekend A"]
[Site "Palermo ITA"]
[Date "2004.10.30"]
[Round "3"]
[White "Gueci, Riccardo"]
[Black "Verga, Domenico"]
[Result "1/2-1/2"]
[WhiteElo "2126"]
[BlackElo "1878"]
[PlyCount "20"]
[EventDate "2004.10.29"]

1. e4 c6 2. d4 d5 3. exd5 cxd5 4. Bd3 Nc6 5. c3 Nf6 6. Bf4 e6 7. Nf3 Ne4 8. Qe2
f5 9. Ne5 Nxe5 10. Bxe5 Nf6 1/2-1/2

[Event "IX Weekend A"]
[Site "Palermo ITA"]
[Date "2004.10.30"]
[Round "3"]
[White "La Bella, Roberto"]
[Black "Ferro, Mario"]
[Result "0-1"]
[WhiteElo "2060"]
[BlackElo "2226"]
[PlyCount "50"]
[EventDate "2004.10.29"]

1. e4 c6 2. d4 d5 3. exd5 Qxd5 4. Nc3 Qa5 5. Nf3 Nf6 6. Bc4 Bg4 7. Bd2 e6 8. h3
Bh5 9. g4 Bg6 10. Ne5 Nbd7 11. f4 Nxe5 12. dxe5 Nd7 13. h4 h5 14. Ne4 Qb6 15.
Ng3 hxg4 16. Qxg4 Qxb2 17. Rd1 Bxc2 18. Bxe6 fxe6 19. Qxe6+ Be7 20. Rc1 Nc5 21.
Qg4 Nd3+ 22. Ke2 Nxc1+ 23. Rxc1 Rxh4 24. Qxg7 Rh2+ 25. Ke1 O-O-O 0-1

[Event "IX Weekend A"]
[Site "Palermo ITA"]
[Date "2004.10.30"]
[Round "3"]
[White "Mangione, Claudio"]
[Black "Ganci, Fabrizio"]
[Result "0-1"]
[WhiteElo "2088"]
[BlackElo "2159"]
[PlyCount "66"]
[EventDate "2004.10.29"]

1. c4 c6 2. d4 d5 3. Nf3 Nf6 4. Nc3 dxc4 5. a4 Bf5 6. e3 e6 7. Bxc4 Bb4 8. O-O
O-O 9. Qe2 Bg6 10. Ne5 Nbd7 11. Nxg6 hxg6 12. Bb3 c5 13. Rd1 cxd4 14. exd4 Qa5
15. Ne4 Nd5 16. Ng5 N7f6 17. Qf3 Rac8 18. Qh3 Rxc1 19. Raxc1 Nf4 20. Qh4 Ne2+
21. Kf1 Nxc1 22. Rxc1 Bd2 23. Rc5 Bxg5 24. Qxg5 Qa6+ 25. Bc4 Qxa4 26. Qc1 Ne4
27. Rc7 Rd8 28. b3 Qa2 29. Qe1 Nd2+ 30. Kg1 Nxc4 31. bxc4 Rxd4 32. Rxb7 Qc2 33.
Rb1 Qxc4 0-1

[Event "IX Weekend A"]
[Site "Palermo ITA"]
[Date "2004.10.30"]
[Round "3"]
[White "Messina, Giuseppe"]
[Black "Galioto, Giovanni"]
[Result "1/2-1/2"]
[WhiteElo "1700"]
[BlackElo "2159"]
[PlyCount "63"]
[EventDate "2004.10.29"]

1. e4 c5 2. Bc4 e6 3. Nc3 a6 4. a4 Nc6 5. Nf3 d6 6. d3 Nf6 7. O-O Be7 8. Re1
O-O 9. h3 b6 10. Bd2 Bb7 11. Ne2 d5 12. exd5 Nxd5 13. Ng3 Bf6 14. Qc1 Nd4 15.
Nxd4 Bxd4 16. c3 Bf6 17. Nh5 Qd7 18. f3 b5 19. axb5 axb5 20. Rxa8 Rxa8 21. Bxd5
Qxd5 22. Nxf6+ gxf6 23. Bh6 Qxd3 24. Qf4 Qg6 25. Kh2 Kh8 26. Rf1 Rg8 27. g4 e5
28. Qe3 Rd8 29. g5 fxg5 30. Bxg5 f6 31. Bh4 Rg8 32. Qf2 1/2-1/2

[Event "IX Weekend A"]
[Site "Palermo ITA"]
[Date "2004.10.30"]
[Round "3"]
[White "Naumkin, Igor"]
[Black "Amato, Andrea"]
[Result "1/2-1/2"]
[WhiteElo "2479"]
[BlackElo "2061"]
[PlyCount "69"]
[EventDate "2004.10.29"]

1. d4 d5 2. c4 dxc4 3. Nf3 Nf6 4. e3 e6 5. Bxc4 c5 6. O-O a6 7. a4 Nc6 8. Qe2
Qc7 9. Nc3 Be7 10. h3 O-O 11. Rd1 Rd8 12. b3 b6 13. Bb2 Nb4 14. dxc5 Rxd1+ 15.
Nxd1 Bxc5 16. Bxf6 gxf6 17. Nb2 Bb7 18. Nd3 Nxd3 19. Bxd3 a5 20. Ne1 Qe5 21.
Rd1 f5 22. Bc2 Bc6 23. Nd3 Qg7 24. g3 Bd6 25. Kh2 Bd5 26. Ne1 Rd8 27. Nf3 Bxf3
28. Qxf3 Qc3 29. Qe2 Be7 30. Rxd8+ Bxd8 31. e4 fxe4 32. Qxe4 Qg7 33. Kg2 Be7
34. Qa8+ Qf8 35. Qe4 1/2-1/2

[Event "IX Weekend A"]
[Site "Palermo ITA"]
[Date "2004.10.30"]
[Round "3"]
[White "Puleio, Bernardo"]
[Black "Terranova, Roberto"]
[Result "0-1"]
[WhiteElo "1811"]
[BlackElo "1820"]
[PlyCount "96"]
[EventDate "2004.10.29"]

1. e4 c5 2. Nf3 d6 3. Bb5+ Bd7 4. Bxd7+ Nxd7 5. d4 cxd4 6. Nxd4 Ngf6 7. Nc3 a6
8. O-O e6 9. Bg5 Be7 10. Kh1 b5 11. Nc6 Qc7 12. Nxe7 Kxe7 13. f4 Rac8 14. e5
dxe5 15. f5 b4 16. fxe6 bxc3 17. Qxd7+ Qxd7 18. exd7 Kxd7 19. Bxf6 gxf6 20.
bxc3 Ke7 21. Rab1 Rc6 22. Rb7+ Ke6 23. h3 Rhc8 24. Ra7 R8c7 25. Ra8 Kd5 26.
Rd8+ Ke4 27. Rd3 Rb6 28. Rdf3 Rcc6 29. Rg3 Rb2 30. Rg7 Rxc2 31. Rxh7 Rxa2 32.
Rxf7 Kd3 33. R1xf6 Rxf6 34. Rxf6 Ra1+ 35. Kh2 e4 36. Re6 e3 37. Rd6+ Kxc3 38.
Re6 Kd3 39. Rd6+ Ke2 40. h4 Ke1 41. Re6 e2 42. h5 Rd1 43. Kg3 Rd3+ 44. Kh2 Ra3
45. Re4 Rc3 46. Re6 Rd3 47. Rxa6 Kd2 48. Re6 Re3 0-1

[Event "IX Weekend A"]
[Site "Palermo ITA"]
[Date "2004.10.30"]
[Round "3"]
[White "Tirrito, Luca"]
[Black "Brancati, Emanuele"]
[Result "1-0"]
[WhiteElo "2132"]
[BlackElo "1688"]
[PlyCount "85"]
[EventDate "2004.10.29"]

1. e4 c5 2. f4 d6 3. d3 Nc6 4. c3 Nf6 5. Be2 e6 6. Na3 Be7 7. Nc2 O-O 8. Bf3
Rb8 9. Ne2 Qc7 10. Ne3 a6 11. O-O b5 12. g4 b4 13. c4 Ne8 14. f5 Bg5 15. Bg2
Ne5 16. Nf4 Qe7 17. Nh3 Bh6 18. Kh1 Qh4 19. g5 Bxg5 20. fxe6 Bxe6 21. Nf5 Bxf5
22. Bxg5 Qg4 23. exf5 f6 24. Qxg4 Nxg4 25. Bf4 Ne5 26. Bxe5 dxe5 27. Nf2 Rd8
28. Bd5+ Kh8 29. Ne4 Nc7 30. Nxc5 Nxd5 31. cxd5 Rxd5 32. Nxa6 Rxd3 33. Rad1 Re3
34. Nxb4 Re2 35. b3 Rb8 36. Kg1 h6 37. Nc6 Rb6 38. Ne7 Rb8 39. Ng6+ Kh7 40. Rf2
Re4 41. Rfd2 Rg4+ 42. Kf2 Rgb4 43. Rd8 1-0

[Event "IX Weekend A"]
[Site "Palermo ITA"]
[Date "2004.10.30"]
[Round "3"]
[White "Valguarnera, Girolamo"]
[Black "Livecchi, Dario"]
[Result "1/2-1/2"]
[WhiteElo "2113"]
[BlackElo "2171"]
[PlyCount "92"]
[EventDate "2004.10.29"]

1. d4 Nf6 2. c4 e6 3. Nf3 b6 4. g3 Bb7 5. Bg2 d6 6. O-O Be7 7. d5 e5 8. Nc3 O-O
9. Rb1 Nbd7 10. b4 a5 11. a3 axb4 12. axb4 Ra7 13. Ne1 Ne8 14. f4 exf4 15. Rxf4
Bg5 16. Rf1 Bxc1 17. Qxc1 Ne5 18. Nd3 Nxd3 19. exd3 Bc8 20. Rf2 f5 21. Nb5 Ra6
22. Nd4 Qf6 23. Qe3 Bd7 24. Re1 Ra3 25. Ne6 Rf7 26. g4 Qh4 27. gxf5 Nf6 28. Qg5
Qg4 29. h3 Qh5 30. Qxh5 Nxh5 31. Ng5 Rxd3 32. Nxf7 Kxf7 33. Rfe2 Bxf5 34. Re7+
Kf6 35. Rxc7 Nf4 36. Be4 Nxh3+ 37. Kf1 Rd2 38. Re3 Bg4 39. Bxh7 g6 40. Bg8 Nf4
41. Be6 Be2+ 42. Ke1 Rd1+ 43. Kf2 Rf1+ 44. Kg3 Nh5+ 45. Kg2 Nf4+ 46. Kh2 Rf2+
1/2-1/2

[Event "IX Weekend A"]
[Site "Palermo ITA"]
[Date "2004.10.31"]
[Round "4"]
[White "Amato, Andrea"]
[Black "Campo, Renato"]
[Result "1-0"]
[WhiteElo "2061"]
[BlackElo "2121"]
[PlyCount "89"]
[EventDate "2004.10.29"]

1. e4 e6 2. d4 d5 3. e5 c5 4. c3 Nc6 5. Nf3 Bd7 6. a3 f6 7. Bd3 cxd4 8. cxd4
Nh6 9. b4 Nf7 10. b5 Na5 11. O-O Nc4 12. Bxc4 dxc4 13. Nc3 a6 14. Re1 Be7 15.
d5 fxe5 16. Nxe5 Nxe5 17. Rxe5 Bf6 18. dxe6 O-O 19. e7 Bxe7 20. Rd5 Qa5 21.
Rxd7 Qxc3 22. Rb1 Rad8 23. Qd5+ Kh8 24. Bb2 Rxd7 25. Qxd7 Qc2 26. Bxg7+ Kxg7
27. Qxe7+ Rf7 28. Qg5+ Kh8 29. Qd8+ Kg7 30. Qd4+ Kg6 31. Re1 h6 32. bxa6 bxa6
33. g3 c3 34. Re6+ Kh7 35. Rc6 Qb1+ 36. Kg2 Qb7 37. Qxc3 Rc7 38. Qd3+ Kg7 39.
Qg6+ Kh8 40. Qxh6+ Kg8 41. Qg5+ Kh7 42. Qh5+ Kg8 43. Qe8+ Kh7 44. Qe4+ Kg8 45.
Re6 1-0

[Event "IX Weekend A"]
[Site "Palermo ITA"]
[Date "2004.10.31"]
[Round "4"]
[White "Bertino, Giacomo"]
[Black "Messina, Giuseppe"]
[Result "1-0"]
[WhiteElo "2034"]
[BlackElo "1700"]
[PlyCount "39"]
[EventDate "2004.10.29"]

1. e4 c6 2. Nc3 e5 3. Nf3 Bb4 4. a3 Ba5 5. b4 Bc7 6. d4 exd4 7. Qxd4 f6 8. Bc4
d5 9. exd5 Qe7+ 10. Kd1 Bb6 11. Qd2 Qd6 12. Re1+ Ne7 13. Ne4 Qd8 14. d6 Nd5 15.
Nxf6+ Kf8 16. Nxd5 cxd5 17. Qxd5 Qf6 18. Bb2 Qf5 19. Re5 Qd7 20. Re7 1-0

[Event "IX Weekend A"]
[Site "Palermo ITA"]
[Date "2004.10.31"]
[Round "4"]
[White "Brancati, Emanuele"]
[Black "Galioto, Giovanni"]
[Result "0-1"]
[WhiteElo "1688"]
[BlackElo "2159"]
[PlyCount "62"]
[EventDate "2004.10.29"]

1. e4 c5 2. Nf3 e6 3. d4 cxd4 4. Nxd4 Nf6 5. Nc3 d6 6. Bb5+ Bd7 7. Bxd7+ Nbxd7
8. O-O a6 9. Be3 Be7 10. Qd2 O-O 11. Rad1 Qc7 12. Nb3 b5 13. Bg5 b4 14. Bxf6
Nxf6 15. Na4 Nxe4 16. Qxb4 d5 17. Qd4 Bf6 18. Qd3 Qc6 19. f3 Qxa4 20. fxe4 Qxe4
21. c3 Qxd3 22. Rxd3 Rfc8 23. Rg3 Kf8 24. Rg4 e5 25. Rd1 Rd8 26. Nc5 Be7 27.
Nd3 f6 28. Rf1 Kg8 29. Re1 e4 30. Nf4 f5 31. Nxd5 Bc5+ 0-1

[Event "IX Weekend A"]
[Site "Palermo ITA"]
[Date "2004.10.31"]
[Round "4"]
[White "Casto, Corrado"]
[Black "Mazzilli, Piero"]
[Result "0-1"]
[WhiteElo "2105"]
[BlackElo "2312"]
[PlyCount "84"]
[EventDate "2004.10.29"]

1. d4 d5 2. c4 e6 3. Nc3 c6 4. Nf3 dxc4 5. g3 Nd7 6. Bg2 b5 7. O-O Bb7 8. e4
Ngf6 9. e5 Nd5 10. Ng5 Nxc3 11. bxc3 Qc7 12. Qh5 g6 13. Qh3 Be7 14. Qh6 Bf8 15.
Qh3 Nb6 16. Ne4 O-O-O 17. Bg5 Be7 18. Bxe7 Qxe7 19. Qh6 Kb8 20. Rfb1 a6 21. Nd6
Na4 22. Qc1 Rxd6 23. exd6 Qxd6 24. Qe3 Rd8 25. Rc1 Rd7 26. Rc2 c5 27. Qe5 cxd4
28. cxd4 Qxe5 29. dxe5 c3 30. Rb1 Bxg2 31. Kxg2 Kc7 32. Kf3 Kc6 33. Ke2 Kc5 34.
Rd1 Rd5 35. f4 b4 36. h4 h5 37. Rg1 Rd4 38. Rb1 Kc4 39. Rd1 Rd5 40. Rg1 a5 41.
Rg2 Nc5 42. a3 Nb3 0-1

[Event "IX Weekend A"]
[Site "Palermo ITA"]
[Date "2004.10.31"]
[Round "4"]
[White "Ferrante, Francesco"]
[Black "Tirrito, Luca"]
[Result "1/2-1/2"]
[WhiteElo "2092"]
[BlackElo "2132"]
[PlyCount "29"]
[EventDate "2004.10.29"]

1. d4 d6 2. e4 Nf6 3. Nc3 e5 4. dxe5 dxe5 5. Qxd8+ Kxd8 6. Bg5 Be6 7. Nf3 Bd6
8. O-O-O Nbd7 9. Nb5 Ke7 10. Nd2 Nb6 11. f4 h6 12. Bxf6+ gxf6 13. f5 Bd7 14.
Nxd6 cxd6 15. Nc4 1/2-1/2

[Event "IX Weekend A"]
[Site "Palermo ITA"]
[Date "2004.10.31"]
[Round "4"]
[White "Ferro, Mario"]
[Black "Ferrante, Marco"]
[Result "0-1"]
[WhiteElo "2226"]
[BlackElo "2095"]
[PlyCount "66"]
[EventDate "2004.10.29"]

1. Nf3 e6 2. c4 Nf6 3. Nc3 Bb4 4. d4 c5 5. e3 Bxc3+ 6. bxc3 Qa5 7. Qc2 Nc6 8.
Bd3 d6 9. O-O e5 10. Rb1 Qc7 11. dxe5 dxe5 12. Be4 Nxe4 13. Qxe4 f6 14. Ba3 b6
15. Qd5 Bb7 16. Qe6+ Ne7 17. Qg4 O-O 18. e4 Qc8 19. Qxc8 Raxc8 20. Nd2 Rfd8 21.
Bc1 Rd3 22. f3 Rcd8 23. a4 Nc6 24. Nb3 Ba6 25. a5 Bxc4 26. axb6 Rxc3 27. Nd2
Bxf1 28. Nxf1 axb6 29. Bd2 Rcd3 30. Rxb6 R3d6 31. Be1 Nd4 32. Rb7 Ne2+ 33. Kf2
Nf4 0-1

[Event "IX Weekend A"]
[Site "Palermo ITA"]
[Date "2004.10.31"]
[Round "4"]
[White "Ganci, Fabrizio"]
[Black "Valguarnera, Girolamo"]
[Result "0-1"]
[WhiteElo "2159"]
[BlackElo "2113"]
[PlyCount "77"]
[EventDate "2004.10.29"]

1. d4 Nf6 2. Nf3 d6 3. Bg5 Nbd7 4. Nbd2 c5 5. c3 cxd4 6. cxd4 Qa5 7. a3 g6 8.
e3 Bg7 9. Be2 O-O 10. O-O h6 11. Bh4 b5 12. a4 b4 13. Nc4 Qd8 14. a5 Rb8 15.
Qb3 Bb7 16. Ra4 g5 17. Bg3 Nd5 18. e4 N5f6 19. e5 Nd5 20. exd6 e6 21. Nfe5 f5
22. Nxd7 Qxd7 23. Be5 Rbc8 24. a6 Ba8 25. Ra5 Bxe5 26. dxe5 Nf4 27. Bf3 Bxf3
28. gxf3 Qc6 29. Nd2 Qe8 30. Ra4 Rb8 31. Rxb4 Qh5 32. Kh1 Qh3 33. Rg1 Nd3 34.
Qxd3 Rxb4 35. d7 Rbb8 36. Qd6 Kf7 37. Rc1 g4 38. Qxf8+ Rxf8 39. Rc8 0-1

[Event "IX Weekend A"]
[Site "Palermo ITA"]
[Date "2004.10.31"]
[Round "4"]
[White "Gangemi, Salvatore"]
[Black "Greco, Salvatore"]
[Result "0-1"]
[WhiteElo "2105"]
[BlackElo "1877"]
[PlyCount "44"]
[EventDate "2004.10.29"]

1. c4 e5 2. Nc3 Nc6 3. g3 f5 4. Bg2 Nf6 5. a3 a5 6. d3 Bc5 7. Nf3 d6 8. O-O O-O
9. Bg5 Be6 10. e3 h6 11. Bxf6 Qxf6 12. b3 e4 13. Ne1 Qxc3 14. dxe4 fxe4 15.
Bxe4 Rae8 16. Ng2 Bh3 17. Qd5+ Kh8 18. Nh4 Ne7 19. Qxb7 Bxf1 20. Rxf1 Bxe3 21.
Bg6 Rxf2 22. Rxf2 Qd2 0-1

[Event "IX Weekend A"]
[Site "Palermo ITA"]
[Date "2004.10.31"]
[Round "4"]
[White "Insabato, Giovanbattista"]
[Black "Musella, Vincenzo"]
[Result "1-0"]
[WhiteElo "2116"]
[BlackElo "1919"]
[PlyCount "93"]
[EventDate "2004.10.29"]

1. d4 Nf6 2. Bg5 e6 3. e4 Be7 4. Bd3 d6 5. Nf3 Nbd7 6. e5 dxe5 7. dxe5 Ng4 8.
Bf4 h5 9. h3 Nh6 10. g4 Nc5 11. Be2 Bd7 12. Nc3 Bc6 13. Rg1 hxg4 14. hxg4 Qd7
15. Qxd7+ Nxd7 16. O-O-O O-O-O 17. Nd4 Nb6 18. Nxc6 bxc6 19. Ne4 Nd5 20. Bg3 f5
21. exf6 gxf6 22. c4 Nb4 23. a3 Na6 24. Nc3 Nc5 25. Kc2 Nf7 26. b4 Nd7 27. f4
a6 28. Bf3 Nb8 29. Rde1 Kd7 30. Re3 Rh3 31. Bg2 Rxg3 32. Rxg3 Bd6 33. Rd3 Kc8
34. Rf1 e5 35. c5 Be7 36. Ne4 Rxd3 37. Kxd3 Nd7 38. f5 Bf8 39. Rh1 Bh6 40. Kc3
Kb7 41. Rd1 Kc8 42. Bf1 Nb8 43. Nxf6 Ng5 44. Bd3 Nf3 45. Ne4 Be3 46. f6 Bd4+
47. Kc2 1-0

[Event "IX Weekend A"]
[Site "Palermo ITA"]
[Date "2004.10.31"]
[Round "4"]
[White "Livecchi, Dario"]
[Black "Naumkin, Igor"]
[Result "0-1"]
[WhiteElo "2171"]
[BlackElo "2479"]
[PlyCount "85"]
[EventDate "2004.10.29"]

1. e4 e6 2. d4 d5 3. Nc3 Bb4 4. e5 c5 5. a3 Bxc3+ 6. bxc3 Ne7 7. Qg4 O-O 8. Bd3
Qa5 9. Bd2 Nbc6 10. Nf3 f5 11. Qh4 Qa4 12. dxc5 Qxh4 13. Nxh4 Nxe5 14. Bf4 Nf7
15. Bd6 Nxd6 16. cxd6 Nc6 17. c4 d4 18. f4 b6 19. Rb1 Rd8 20. Rb5 Rxd6 21. c5
bxc5 22. Rxc5 Ne7 23. Nf3 Nd5 24. g3 Bb7 25. Kf2 Nc3 26. Re1 Ne4+ 27. Bxe4 fxe4
28. Ne5 e3+ 29. Kg1 h6 30. Nc4 Rc6 31. Rxc6 Bxc6 32. c3 Bd5 33. Ne5 dxc3 34.
Rxe3 Rc8 35. Nd3 Rb8 36. Nc1 c2 37. Rc3 Be4 38. Kf2 Rb1 39. Ne2 Rh1 40. Ke3
Rxh2 41. Nd4 Bg6 42. g4 Rh3+ 43. Nf3 0-1

[Event "IX Weekend A"]
[Site "Palermo ITA"]
[Date "2004.10.31"]
[Round "4"]
[White "Mangione, Claudio"]
[Black "Gueci, Riccardo"]
[Result "1-0"]
[WhiteElo "2088"]
[BlackElo "2126"]
[PlyCount "116"]
[EventDate "2004.10.29"]

1. d4 d6 2. c4 Nf6 3. Nc3 Nbd7 4. e4 e5 5. Nf3 c6 6. Be2 Be7 7. O-O O-O 8. Be3
Ng4 9. Bc1 h6 10. d5 c5 11. a3 a5 12. Rb1 Nb8 13. Ne1 Nf6 14. Nd3 Ne8 15. f4
exf4 16. Bxf4 Bf6 17. Bg4 Nd7 18. Nb5 Qe7 19. Qf3 Ne5 20. Bxe5 Bxe5 21. Bxc8
Rxc8 22. Qf5 Nf6 23. Nxe5 Qxe5 24. Qxe5 dxe5 25. Rbe1 Nd7 26. a4 g6 27. Re3 Nb6
28. b3 Kg7 29. Ref3 f6 30. R1f2 Nd7 31. g4 b6 32. h4 Kh7 33. Kg2 Rg8 34. Kg3 g5
35. Nd6 gxh4+ 36. Kxh4 Rcf8 37. Nf5 Rg5 38. Ne3 Kg6 39. Rh3 h5 40. Kg3 hxg4 41.
Rh4 Rh5 42. Rfh2 Rfh8 43. Rxg4+ Kf7 44. Rgh4 Rg8+ 45. Kf2 Rhg5 46. Rh7+ R8g7
47. Rxg7+ Kxg7 48. Nf5+ Kg8 49. Rh3 Nf8 50. d6 Nd7 51. Ne7+ Kg7 52. Nf5+ Kg8
53. Ne3 Kg7 54. Rf3 Kf7 55. Rf5 Rxf5+ 56. exf5 Kg7 57. Kf3 Kh6 58. Ke4 Kg5 1-0

[Event "IX Weekend A"]
[Site "Palermo ITA"]
[Date "2004.10.31"]
[Round "4"]
[White "Massafra, Antonio"]
[Black "La Bella, Roberto"]
[Result "0-1"]
[WhiteElo "1801"]
[BlackElo "2060"]
[PlyCount "120"]
[EventDate "2004.10.29"]

1. Nf3 d5 2. e3 Nf6 3. d4 e6 4. Nbd2 c5 5. b3 Nc6 6. Bb2 cxd4 7. exd4 Bd6 8. a3
O-O 9. Bd3 Qc7 10. O-O Re8 11. Re1 e5 12. dxe5 Nxe5 13. Nxe5 Bxe5 14. Bxe5 Rxe5
15. Rxe5 Qxe5 16. Nf3 Qf4 17. Qd2 Qd6 18. h3 Be6 19. c4 Rd8 20. Qc2 Qf4 21. Qc1
Qxc1+ 22. Rxc1 dxc4 23. Bxc4 Rc8 24. Rb1 Bxc4 25. bxc4 b6 26. Ne5 Ne8 27. Re1
f6 28. Nc6 Rxc6 29. Rxe8+ Kf7 30. Ra8 Rc7 31. Rd8 Ke7 32. Rd4 Rc5 33. f4 Ra5
34. Rd3 Ra4 35. Re3+ Kd7 36. Rd3+ Ke6 37. Rc3 Kf5 38. g3 Ke4 39. c5 bxc5 40.
Rxc5 Rxa3 41. Rc7 Rxg3+ 42. Kh2 Rg6 43. Rc4+ Kf5 44. Ra4 a6 45. Rc4 Ke6 46. Rc5
f5 47. Re5+ Kd7 48. Rxf5 Kc6 49. Rh5 h6 50. Re5 Kb6 51. f5 Rc6 52. h4 Rc4 53.
Kh3 Rc5 54. Re7 Rc7 55. Re6+ Kb5 56. Re5+ Kc4 57. Re1 Kb3 58. Rb1+ Kc2 59. Rb6
Ra7 60. Rb4 a5 0-1

[Event "IX Weekend A"]
[Site "Palermo ITA"]
[Date "2004.10.31"]
[Round "4"]
[White "Terranova, Roberto"]
[Black "Verga, Domenico"]
[Result "1-0"]
[WhiteElo "1820"]
[BlackElo "1878"]
[PlyCount "67"]
[EventDate "2004.10.29"]

1. c4 e5 2. Nc3 d6 3. g3 g6 4. Bg2 Bg7 5. Rb1 Ne7 6. d3 O-O 7. Nf3 f5 8. O-O
Nd7 9. Bd2 h6 10. Qc1 g5 11. b4 c6 12. a4 Qe8 13. b5 Qh5 14. Qa3 c5 15. Qc1 Nf6
16. Ne1 f4 17. Ne4 Nxe4 18. Bxe4 Bf5 19. Bg2 Bh3 20. Qd1 g4 21. Bxh3 Qxh3 22.
e4 Ng6 23. Ng2 f3 24. Ne3 h5 25. Kh1 Bh6 26. Rg1 Bxe3 27. Bxe3 Kf7 28. Qf1 Qxf1
29. Rgxf1 h4 30. Kg1 hxg3 31. fxg3 Rh8 32. Rf2 a6 33. bxa6 bxa6 34. Rfb2 1-0

[Event "IX Weekend A"]
[Site "Palermo ITA"]
[Date "2004.10.31"]
[Round "5"]
[White "Bentivegna, Francesco"]
[Black "Ferrante, Marco"]
[Result "1/2-1/2"]
[WhiteElo "2215"]
[BlackElo "2095"]
[PlyCount "46"]
[EventDate "2004.10.29"]

1. e4 e6 2. d4 d5 3. Nc3 c6 4. Nf3 f5 5. exd5 exd5 6. Bg5 Be7 7. Qe2 Nd7 8. Ne5
Nxe5 9. Qxe5 Kf7 10. Bxe7 Qxe7 11. Qxe7+ Kxe7 12. O-O-O Nf6 13. f3 Bd7 14. Bd3
Kd6 15. Rde1 Rae8 16. Kd2 g6 17. g3 Rxe1 18. Rxe1 Re8 19. Rxe8 Nxe8 20. Ne2 Ng7
21. f4 Be6 22. Ng1 Ne8 23. Nf3 Nf6 1/2-1/2

[Event "IX Weekend A"]
[Site "Palermo ITA"]
[Date "2004.10.31"]
[Round "5"]
[White "Bertino, Giacomo"]
[Black "Ferrante, Francesco"]
[Result "0-1"]
[WhiteElo "2034"]
[BlackElo "2092"]
[PlyCount "82"]
[EventDate "2004.10.29"]

1. e4 c5 2. Nf3 Nc6 3. d3 d6 4. g3 g6 5. Bg2 Bg7 6. O-O Nf6 7. Nbd2 O-O 8. c3
Rb8 9. Nh4 Ng4 10. h3 Nge5 11. Qc2 Bf6 12. f4 Nd7 13. Ndf3 e6 14. Qf2 b5 15.
Be3 b4 16. d4 bxc3 17. bxc3 Qa5 18. e5 Bxh4 19. Nxh4 d5 20. f5 Ba6 21. Rfc1
exf5 22. Bh6 Ne7 23. Bxf8 Nxf8 24. Rab1 Rxb1 25. Rxb1 Qxc3 26. dxc5 Qxe5 27.
Re1 Qc7 28. Rc1 Ne6 29. Bf1 Bxf1 30. Kxf1 Qb7 31. Kg1 Ng5 32. Kh2 Ne4 33. Qc2
Qc7 34. Qb3 f4 35. c6 fxg3+ 36. Kg2 Qf4 37. Rc2 Qxh4 38. c7 Nd6 39. Re2 Qf4 40.
Qb8+ Ndc8 41. Qb3 Qxc7 0-1

[Event "IX Weekend A"]
[Site "Palermo ITA"]
[Date "2004.10.31"]
[Round "5"]
[White "Campo, Renato"]
[Black "Gangemi, Salvatore"]
[Result "1/2-1/2"]
[WhiteElo "2121"]
[BlackElo "2105"]
[PlyCount "46"]
[EventDate "2004.10.29"]

1. e4 e6 2. d4 d5 3. Nc3 Nf6 4. e5 Nfd7 5. Nf3 Be7 6. Bd3 c5 7. dxc5 Nxc5 8.
O-O Nxd3 9. cxd3 a6 10. d4 O-O 11. a3 b5 12. b4 Nd7 13. Be3 Nb6 14. Nd2 Bb7 15.
Qg4 f6 16. exf6 Rxf6 17. Nb3 Rg6 18. Qe2 Nc4 19. Bf4 Bc8 20. Rfe1 Nxa3 21. Nc5
Nc4 22. Nxb5 Nd6 23. Nxd6 Bxd6 1/2-1/2

[Event "IX Weekend A"]
[Site "Palermo ITA"]
[Date "2004.10.31"]
[Round "5"]
[White "Casto, Corrado"]
[Black "Amato, Andrea"]
[Result "0-1"]
[WhiteElo "2105"]
[BlackElo "2061"]
[PlyCount "54"]
[EventDate "2004.10.29"]

1. e4 e5 2. Nf3 d6 3. d4 exd4 4. Nxd4 Nf6 5. Nc3 Be7 6. Be2 O-O 7. O-O Nc6 8.
Nb3 Nd7 9. g4 a5 10. a4 Nc5 11. Nxc5 dxc5 12. Nb5 Nd4 13. Bd3 Qd7 14. f3 c6 15.
Nc3 Rd8 16. Qe1 c4 17. Bxc4 Nxc2 18. Qe2 Bc5+ 19. Kh1 Nxa1 20. Rd1 Qe7 21. Bf4
Rxd1+ 22. Qxd1 Be6 23. Bxe6 Qxe6 24. Qxa1 Qc4 25. Kg2 Rd8 26. Qh1 Qd4 27. Kh3
Bb4 0-1

[Event "IX Weekend A"]
[Site "Palermo ITA"]
[Date "2004.10.31"]
[Round "5"]
[White "Galioto, Giovanni"]
[Black "Terranova, Roberto"]
[Result "1-0"]
[WhiteElo "2159"]
[BlackElo "1820"]
[PlyCount "47"]
[EventDate "2004.10.29"]

1. e4 c5 2. b4 e6 3. Nf3 a6 4. bxc5 Bxc5 5. d4 Bb4+ 6. c3 Ba5 7. Bd3 Ne7 8. O-O
b5 9. Ba3 Bb7 10. Qe2 Nbc6 11. Rc1 b4 12. Bb2 bxc3 13. Nxc3 Nb4 14. Bb1 O-O 15.
a3 Nbc6 16. d5 Na7 17. Na4 exd5 18. Nc5 Bc6 19. exd5 Nxd5 20. Qd3 g6 21. Qd4 f6
22. Ba2 Nb5 23. Bxd5+ Kg7 24. Qd3 1-0

[Event "IX Weekend A"]
[Site "Palermo ITA"]
[Date "2004.10.31"]
[Round "5"]
[White "Greco, Salvatore"]
[Black "Ferro, Mario"]
[Result "0-1"]
[WhiteElo "1877"]
[BlackElo "2226"]
[PlyCount "56"]
[EventDate "2004.10.29"]

1. d4 c5 2. Nc3 cxd4 3. Qxd4 Nc6 4. Qh4 d5 5. e4 d4 6. Nd5 Nf6 7. Nxf6+ exf6 8.
a3 Bd6 9. f4 Qe7 10. Bd3 Bf5 11. Nf3 Bxe4 12. O-O Bxd3 13. Re1 Be2 14. Qf2 O-O
15. Rxe2 Qc7 16. g3 Rfe8 17. Rd2 Bc5 18. Kg2 Bb6 19. Qf1 Ne7 20. Qd3 Nd5 21.
Re2 Rxe2+ 22. Qxe2 Rc8 23. Ne1 Qc6 24. Qf3 Re8 25. Bd2 Qc4 26. Rd1 g6 27. h4
Ne3+ 28. Bxe3 Rxe3 0-1

[Event "IX Weekend A"]
[Site "Palermo ITA"]
[Date "2004.10.31"]
[Round "5"]
[White "La Bella, Roberto"]
[Black "Ganci, Fabrizio"]
[Result "1/2-1/2"]
[WhiteElo "2060"]
[BlackElo "2159"]
[PlyCount "117"]
[EventDate "2004.10.29"]

1. e4 e6 2. d4 d5 3. e5 c5 4. c3 Qb6 5. Nf3 Nc6 6. a3 c4 7. Nbd2 Na5 8. Be2 Bd7
9. O-O Ne7 10. Rb1 Qc7 11. Re1 h6 12. Nf1 O-O-O 13. Ng3 g6 14. h3 Bc6 15. Be3
Qd7 16. Nd2 Kb8 17. Qc1 Ba4 18. Bd1 Rc8 19. Bxa4 Qxa4 20. Qd1 Qxd1 21. Rbxd1
Rc6 22. Rb1 Rb6 23. Kf1 Nc8 24. Ke2 Nb3 25. Ngf1 Be7 26. Nxb3 Rxb3 27. Nd2 Rb5
28. Kd1 Nb6 29. Kc2 h5 30. Nf3 Rc8 31. Ng5 Bxg5 32. Bxg5 Na4 33. Re3 Rc7 34.
Rf3 Kc8 35. g4 hxg4 36. hxg4 Rd7 37. Rh3 Kc7 38. Rh8 Rb3 39. Re8 a6 40. Be7 Kb6
41. Bd6 Ka7 42. Bb8+ Kb6 43. Bd6 Ka7 44. Rc8 Kb6 45. Bb8 Kb5 46. Ba7 Ka5 47.
Bc5 Kb5 48. Bb4 Kb6 49. Bd6 Ka5 50. Bc7+ Kb5 51. Bd8 a5 52. Ra8 b6 53. Rc8 Ka6
54. Bf6 Kb7 55. Rd8 Rxd8 56. Bxd8 Kc6 57. Be7 Kd7 58. Bd6 Kc6 59. g5 1/2-1/2

[Event "IX Weekend A"]
[Site "Palermo ITA"]
[Date "2004.10.31"]
[Round "5"]
[White "Livecchi, Dario"]
[Black "Mangione, Claudio"]
[Result "1/2-1/2"]
[WhiteElo "2171"]
[BlackElo "2088"]
[PlyCount "45"]
[EventDate "2004.10.29"]

1. d4 Nf6 2. c4 e6 3. Nf3 b6 4. g3 Ba6 5. Qa4 Bb7 6. Bg2 c5 7. dxc5 Bxc5 8. O-O
O-O 9. Nc3 Be7 10. Rd1 d6 11. b4 Nbd7 12. Bb2 a6 13. Nd4 Bxg2 14. Kxg2 Qc7 15.
Nc6 Rfe8 16. Nxe7+ Rxe7 17. Rac1 Ne5 18. Kg1 Nxc4 19. Qb3 Rc8 20. b5 Qb7 21.
bxa6 Qxa6 22. Nb5 Nxb2 23. Qxb2 1/2-1/2